| 000 | 00588nam a22002177a 4500 | ||
|---|---|---|---|
| 003 | CUTN | ||
| 005 | 20250325163313.0 | ||
| 008 | 250325b |||||||| |||| 00| 0 eng d | ||
| 020 | _a9789355275851 | ||
| 041 | _aEnglish | ||
| 082 |
_a915.4 _bHUN |
||
| 100 | _aHunter, William Wilson | ||
| 245 |
_aOrissa : _bVolumes 1 to 2 / |
||
| 260 |
_aChennai: _bMJP Publishers, _c2023. |
||
| 300 | _a852 pages : | ||
| 505 |
_tOrissa, Volumes 1 _tOrissa, Volumes 2 |
||
| 650 | _aOdisha (India)—History | ||
| 650 | _aOdisha (India)—Geography | ||
| 650 | _aTravelogue | ||
| 942 |
_2ddc _cBOOKS |
||
| 999 |
_c44108 _d44108 |
||